<?xml version="1.0" encoding="UTF-8"?>
<record
    xmlns:xsi="http://www.w3.org/2001/XMLSchema-instance"
    xsi:schemaLocation="http://www.loc.gov/MARC21/slim http://www.loc.gov/standards/marcxml/schema/MARC21slim.xsd"
    xmlns="http://www.loc.gov/MARC21/slim">

  <leader>00715nam a2200229   4500</leader>
  <controlfield tag="003">OSt</controlfield>
  <controlfield tag="005">20180831110721.0</controlfield>
  <controlfield tag="008">180825b        xxu||||| |||| 00| 0 spa d</controlfield>
  <datafield tag="040" ind1=" " ind2=" ">
    <subfield code="c">PJ</subfield>
  </datafield>
  <datafield tag="100" ind1=" " ind2=" ">
    <subfield code="9">1642</subfield>
    <subfield code="a">Leg&#xF3;n, Fernando A.</subfield>
  </datafield>
  <datafield tag="245" ind1="1" ind2="0">
    <subfield code="a">La cla&#xFA;sula "sin protesto" /</subfield>
    <subfield code="c">Fernando A. Leg&#xF3;n, Ra&#xFA;l A. Baca Castex.</subfield>
  </datafield>
  <datafield tag="260" ind1=" " ind2=" ">
    <subfield code="a">Buenos Aires :</subfield>
    <subfield code="b">Universidad,</subfield>
    <subfield code="c">1969.</subfield>
  </datafield>
  <datafield tag="300" ind1=" " ind2=" ">
    <subfield code="a">112 p.</subfield>
    <subfield code="c">20 cm.</subfield>
  </datafield>
  <datafield tag="500" ind1=" " ind2=" ">
    <subfield code="a">Notas y citas a pie de p&#xE1;gina.</subfield>
  </datafield>
  <datafield tag="650" ind1=" " ind2="0">
    <subfield code="9">1602</subfield>
    <subfield code="a">DERECHO COMERCIAL</subfield>
  </datafield>
  <datafield tag="650" ind1=" " ind2="0">
    <subfield code="9">1831</subfield>
    <subfield code="a">TITULOS DE CR&#xC9;DITO</subfield>
  </datafield>
  <datafield tag="650" ind1=" " ind2="0">
    <subfield code="9">1859</subfield>
    <subfield code="a">PAGAR&#xC9;</subfield>
  </datafield>
  <datafield tag="650" ind1=" " ind2="0">
    <subfield code="9">1966</subfield>
    <subfield code="a">PROTESTO</subfield>
  </datafield>
  <datafield tag="650" ind1=" " ind2="0">
    <subfield code="9">1967</subfield>
    <subfield code="a">CLA&#xDA;SULA SIN PROTESTO</subfield>
  </datafield>
  <datafield tag="700" ind1=" " ind2=" ">
    <subfield code="9">1968</subfield>
    <subfield code="a">Baca Castex, Ra&#xFA;l A.</subfield>
  </datafield>
  <datafield tag="942" ind1=" " ind2=" ">
    <subfield code="2">udc</subfield>
    <subfield code="c">LIB</subfield>
    <subfield code="h">347.746</subfield>
    <subfield code="i">LEG</subfield>
  </datafield>
  <datafield tag="999" ind1=" " ind2=" ">
    <subfield code="c">1314</subfield>
    <subfield code="d">1314</subfield>
  </datafield>
  <datafield tag="952" ind1=" " ind2=" ">
    <subfield code="0">0</subfield>
    <subfield code="1">0</subfield>
    <subfield code="2">udc</subfield>
    <subfield code="4">0</subfield>
    <subfield code="7">0</subfield>
    <subfield code="a">DJS</subfield>
    <subfield code="b">DJS</subfield>
    <subfield code="d">2018-08-31</subfield>
    <subfield code="o">347.746 LEG</subfield>
    <subfield code="p">1045</subfield>
    <subfield code="r">2018-08-31</subfield>
    <subfield code="w">2018-08-31</subfield>
    <subfield code="y">LIB</subfield>
  </datafield>
</record>
